Представление документа в формате RUSMARC

ПолеНазваниеЗначение
  Тип записи a
  Библиографический уровень m
001 Контрольный номер RU/SLIB/B/208754656
005 Дата корректировки 20201206204147.5
010 Индекс ISBN __
d Цена 1-50
101 Язык документа __
a Язык текста rus
c Язык оригинала eng
200 Заглавие и сведения об ответственности 1_
a Заглавие Взгляд на всемирную историю
e Сведения, относящиеся к заглавию письма к дочери из тюрьмы, содерж. свободное излож. истории для юношества : в 3 т. : пер. с англ.
f Первые сведения об ответственности Неру Д. ; под ред.: Г. Л. Бондаревского [и др.]
b Общее обозначение материала Текст
h Номер части Т. 3
205 Сведения об издании __
a Основные сведения об издании 3-е изд.
210 Выходные данные __
a Место издания М.
c Издательство Прогресс
d Дата издания 1981
215 Физическое описание __
a Объем 453 с.
c Иллюстрации/тип воспроизводства 1 л. портр.
330 Аннотация __
a Аннотация Третий том открывается событиями 1917 года в России и заканчивается тридцатыми годами XX века. Освещена история Китая, Японии, арабских стран, Афганистана, Турции и др.
606 Тематические рубрики __
a Основная рубрика История
z Хронологическая подрубрика 1917 г.; 20 в. нач.
y Географическая подрубрика Россия; Индия; Турция; Китай; Япония; Афганистан
606 Тематические рубрики __
a Основная рубрика Всемирная история
606 Тематические рубрики __
a Основная рубрика История Азии в целом
610 Ключевые слова __
a Ключевые слова письма; революции; пятилетние планы; планы; переписка; историческая литература
686 Индексы других классификаций __
a Классификационный индекс 63.3(0)
686 Индексы других классификаций __
a Классификационный индекс 63.3(5Инд); ст63.3(0) + ст63.3(5Инд)
700 Автор _1
a Фамилия Неру
b Имя Д.
4 Код отношения 070
702 Вторичная интеллектуальная ответственность __
a Фамилия Бондаревский
b Имя Г. Л.
4 Код отношения Редактор
801 Источник записи _0
a Страна RU
b Организация Муниципальное бюджетное учреждение культуры "Централизованная библиотечная система" г. Сургут (Центральная городская библиотека им. А. С. Пушкина)
g Правила каталогизации КиК/Нещерет
801 Источник записи _1
a Страна RU
b Организация Муниципальное бюджетное учреждение культуры "Централизованная библиотечная система" г. Сургут (Центральная городская библиотека им. А. С. Пушкина)
g Правила каталогизации КиК/Нещерет
852 Данные о местонахождении __
j Шифр хранения 63.3(0)
c Каталожный индекс 63.3(0); 63.3(5Инд)
i Авторский знак Н 54
p Инвентарный номер 7066
901 Тип документа __
t Тип документа m
990 Данные о заказе (DOS) __
j Количество экземпляров (DOS) 1